Migration and wintering of western sandpipers on the Pacific coast of Colombia (Registro nro. 11435)

Detalles MARC
000 -CABECERA
Campo de control 006460000a22001930004500
090 ## - CLASIFICACIÓN LOCAL
Colección AR
Consecutivo 02364
041 0# - IDIOMA
Código de idioma para texto/pista de sonido o título separado
100 1# - ASIENTO PRINCIPAL--NOMBRE PERSONAL
Nombre personal Naranjo Henao, Luis Germán
245 10 - MENCION DE TITULO
Título Migration and wintering of western sandpipers on the Pacific coast of Colombia
650 14 - ASIENTO SECUNDARIO DE MATERIA - TERMINO TEMATICO
Término temático o nombre geográfico como elemento de entrada Aves
650 14 - ASIENTO SECUNDARIO DE MATERIA - TERMINO TEMATICO
Término temático o nombre geográfico como elemento de entrada Masa corporal
650 14 - ASIENTO SECUNDARIO DE MATERIA - TERMINO TEMATICO
Término temático o nombre geográfico como elemento de entrada Migraciones
650 14 - ASIENTO SECUNDARIO DE MATERIA - TERMINO TEMATICO
Término temático o nombre geográfico como elemento de entrada Estructura de la población
651 #4 - ASIENTO SECUNDARIO DE MATERIA - NOMBRE GEOGRAFICO
-- Bahia de Buenaventura
-- Valle del Cauca
-- Colombia
653 ## - TERMINO DE INDIZACION - NO CONTROLADO
-- Calidris
-- Calidris mauri
700 1# - ASIENTO SECUNDARIO - NOMBRE PERSONAL
Nombre personal Franke, Rebeca
773 1# - Item fuente:
Título Journal Field Ornithology
Especificación de materiales 130
Descripción física 2
Paginas del Articulo 194-200
Lugar, editorial y fecha de publicación 1994
Información sobre la relación 65
942 ## - ELEMENTOS ADICIONALES (KOHA)
Tipo de ítem Artículo
Existencias
Withdrawn status Lost status Damaged status No para préstamo Colección Ubicación Permanente Ubicación actual Fecha de adquisición Fuente de Valor Datos de publicación Seriada Total Checkouts Número topográfico Inventario / Código de Barras Date last seen Ejemplar Price effective from Forma de adquisición Tipo de material
      No para Préstamo Hemeroteca Bogotá Bogotá 27/02/2015 Ferreira Miani, Paola Fuera de circulación   AR 02364 012773 25/03/2015 1 25/03/2015   Artículo